Lodging Management Program (Record no. 4318)

MARC details
005 - DATE AND TIME OF LATEST TRANSACTION
control field 20250618150408.0
020 ## - INTERNATIONAL STANDARD BOOK NUMBER
International Standard Book Number 0-86612-214-1
082 ## - DEWEY DECIMAL CLASSIFICATION NUMBER
Classification number 658.4 BIT
245 ## - TITLE STATEMENT
Title Lodging Management Program
260 ## - PUBLICATION, DISTRIBUTION, ETC.
Place of publication, distribution, etc. New York
Name of publisher, distributor, etc. The Educational Institute of the American & Motel Association
Date of publication, distribution, etc. 1999.
300 ## - PHYSICAL DESCRIPTION
Extent xiv, 362p.: ill.; figures, tables, pictures
Other physical details Index, Glossary
Dimensions 23cm
700 ## - ADDED ENTRY--PERSONAL NAME
Other authors/Editors Robert Bittner
700 ## - ADDED ENTRY--PERSONAL NAME
Other authors/Editors Jennifer Smith
942 ## - ADDED ENTRY ELEMENTS (KOHA)
Source of classification or shelving scheme Dewey Decimal Classification
Koha item type Books
Holdings
Date last seen Total checkouts Full call number Barcode Cost, replacement price Price effective from Koha item type Lost status Source of classification or shelving scheme Damaged status Not for loan Withdrawn status Home library Current library Shelving location Date acquired Source of acquisition Cost, normal purchase price
06/18/2025   658.4 BIT MZA0001443 72000.00 06/18/2025 Books   Dewey Decimal Classification       CBE Mwanza CBE Mwanza General Collection 07/18/2007 Library Budget 24000.00